| 000 | 00474 a2200181 4500 | ||
|---|---|---|---|
| 003 | NUST | ||
| 020 | _a8178083523 | ||
| 024 | _a9788178083520 | ||
| 038 | _aM. Shaban | ||
| 082 |
_a658.8 _28th |
||
| 100 |
_aLovelock,Christopher _935643 |
||
| 245 |
_aServices Marketing _bPeople,Technology Strategy _cChristopher Lovelock |
||
| 250 | _a8th | ||
| 260 |
_aIndia _bPearson education Asia _c2018 |
||
| 300 | _a717p | ||
| 500 | _aPaper cover | ||
| 942 |
_aNBS _cBK _k658.8 LOV _2ddc |
||
| 999 |
_c344816 _d344816 |
||